000 00504nam a2200181Ia 4500
001 18626
005 20260306171644.0
008 260306s9999||||xx |||||||||||||| ||und||
041 _aESP
082 _a658.4092
_bH41
100 _aHerrmann, Ned
_eAUT
245 4 _aThe whole brain business book:
_bunlocking the power of whole brain thinking in organizations and individuals
260 _c1996
300 _a334 páginas :
_c23.5 cm.
650 _aGEN
654 _aCAN
942 _cLIB
_dJUS
_fJUS
_2ddc
_n
999 _c18626
_d18626